Normal view MARC view
  • Hammes, Colonel Thomas X

Entry Personal Name

Number of records used in: 1

001 - CONTROL NUMBER

  • control field: 98160

003 - CONTROL NUMBER IDENTIFIER

  • control field: NUST

005 - DATE AND TIME OF LATEST TRANSACTION

  • control field: 20220819084239.0

008 - FIXED-LENGTH DATA ELEMENTS

  • fixed length control field: 220819|| aca||aabn | a|a d

040 ## - CATALOGING SOURCE

  • Original cataloging agency: NUST
  • Transcribing agency: NUST

100 ## - HEADING--PERSONAL NAME

  • Personal name: Hammes, Colonel Thomas X

670 ## - SOURCE DATA FOUND

  • Source citation: Work cat.: (NUST): Hammes, Colonel Thomas X. , On war in the 21st century:
© 2023 Central Library, National University of Sciences and Technology. All Rights Reserved.